Objective Chemistry for Neet 2023/ (Record no. 200786)

MARC details
000 -LEADER
fixed length control field 00746nam a22002297a 4500
005 - DATE AND TIME OF LATEST TRANSACTION
control field 20240215125745.0
010 ## - LCCN (DPL NO)
LC control number ENG-139261
020 ## - INTERNATIONAL STANDARD BOOK NUMBER
International Standard Book Number 9789356062283
Terms of availability 730.00
035 ## - SYSTEM CONTROL NUMBER
System control number EN-122793
037 ## - SOURCE OF ACQUISITION
Source of stock number/acquisition DBAD
082 ## - DEWEY DECIMAL CLASSIFICATION NUMBER
Classification number 540
Edition number 6
100 ## - MAIN ENTRY--PERSONAL NAME
Personal name Singhal, A.K.
245 ## - TITLE STATEMENT
Title Objective Chemistry for Neet 2023/
Statement of responsibility, etc By A.K. Singhal and U.K. Singhal
250 ## - EDITION STATEMENT
Edition statement 6
260 ## - PUBLICATION, DISTRIBUTION, ETC. (IMPRINT)
Place of publication, distribution, etc Uttar Pradesh
Name of publisher, distributor, etc Pearson India Education Services
Date of publication, distribution, etc 2022
270 ## - ADDRESS
Address 15th Flooor, Tower-B, World Trade Tower, Plot No. 1, Block-C, Sector-16
City Noida
Postal code 201301
Electronic mail address companysecretary.india@pearson.com
300 ## - PHYSICAL DESCRIPTION
Extent vp.
Dimensions 25cm(pbk)
490 ## - SERIES STATEMENT
Series statement Vol 2
500 ## - GENERAL NOTE
General note <br/>
700 ## - ADDED ENTRY--PERSONAL NAME
Personal name Singhal, U.K.
Relator term Author
9 (RLIN) 62132
942 ## - ADDED ENTRY ELEMENTS (KOHA)
Source of classification or shelving scheme Dewey Decimal Classification
Item type English Books
Classification part 540
Call number suffix SIN
Edition 6
Holdings
Withdrawn status Lost status Materials specified (bound volume or other part) Not for loan Collection code Home library Current library Date acquired Source of acquisition Cost, normal purchase price Full call number Barcode Copy number Cost, replacement price Koha item type
    VOL 2   Non-fiction Patel Nagar Patel Nagar 15/02/2024 DBAD/PUB 730.00 540 SIN EN-122793 1 730.00 English Books

© Delhi Public Library
Hit Counter
free hit counter